Estudio de factibilidad técnico-economico para el establecimiento de una empacadora de tuna (opuntia spp.) en el municipío de Axapusco, Edo. de México (Record no. 111159)
[ view plain ]
| 000 -CABECERA | |
|---|---|
| campo de control de longitud fija | 01393nam a2200349 a 4500 |
| 001 - NÚMERO DE CONTROL | |
| campo de control | 000114698 |
| 003 - IDENTIFICADOR DEL NÚMERO DE CONTROL | |
| campo de control | CHAP |
| 005 - FECHA Y HORA DE LA ÚLTIMA TRANSACCIÓN | |
| campo de control | 20220329144453.0 |
| 008 - DATOS DE LONGITUD FIJA--INFORMACIÓN GENERAL | |
| campo de control de longitud fija | 180322s2017 mx sm |||||||spa d |
| 010 ## - NÚMERO DE CONTROL DE LA BIBLIOTECA DEL CONGRESO | |
| Número de control de LC | 111159 |
| 011 ## - ENLACE DEL NUMERO DE CONTROL DE LA BIBLIOTECA DEL CONGRESO [OBSOLETO] | |
| Número de control de LC | 112131 |
| 040 ## - FUENTE DE LA CATALOGACIÓN | |
| Centro/agencia transcriptor | CHAP |
| 090 ## - LOCALMENTE ASIGNADO TIPO-LC NÚMERO DE CLASIFICACIÓN (OCLC); NÚMERO DE CLASIFICACIÓN LOCAL (RLIN) | |
| Número de clasificación (OCLC) (R) ; Numero de clasificación, CALL (RLIN) (NR) | Tesis |
| 100 1# - ENTRADA PRINCIPAL--NOMBRE DE PERSONA | |
| Nombre de persona | Espinosa Corredor, Dámaris Jocelyn |
| 9 (RLIN) | 134957 |
| 245 10 - MENCIÓN DE TÍTULO | |
| Título | Estudio de factibilidad técnico-economico para el establecimiento de una empacadora de tuna (opuntia spp.) en el municipío de Axapusco, Edo. de México |
| Medio | [En línea] |
| Mención de responsabilidad, etc. | por Dámaris Jocelyn Espinosa Corredor y Tania Rodríguez Ramírez. |
| 260 ## - PUBLICACIÓN, DISTRIBUCIÓN, ETC. | |
| Lugar de publicación, distribución, etc. | Chapingo, Méx. : |
| Nombre del editor, distribuidor, etc. | El autor, |
| Fecha de publicación, distribución, etc. | 2017. |
| 500 ## - NOTA GENERAL | |
| Nota general | Para ver el contenido del material haga clic en la liga |
| 502 ## - NOTA DE TESIS | |
| Nota de tesis | Tesis (Ing. Agroindustrial ) -- UACH. Departamento de Ingeniería Agroindustrial |
| 590 ## - NOTA LOCAL (RLIN) | |
| Nota local | E11695DGD |
| Procedencia (VM) [OBSOLETO] | 10 |
| Condición del los carretes individuales (VM) [OBSOLETO] | 20180322 |
| -- | UCH01 |
| -- | 0929 |
| 590 ## - NOTA LOCAL (RLIN) | |
| Nota local | E6339RRR |
| Procedencia (VM) [OBSOLETO] | 05 |
| Condición del los carretes individuales (VM) [OBSOLETO] | 20180322 |
| -- | UCH01 |
| -- | 0849 |
| 590 ## - NOTA LOCAL (RLIN) | |
| Nota local | E6339RRR |
| Procedencia (VM) [OBSOLETO] | 05 |
| Condición del los carretes individuales (VM) [OBSOLETO] | 20180322 |
| -- | UCH01 |
| -- | 0849 |
| 590 ## - NOTA LOCAL (RLIN) | |
| Nota local | E6339RRR |
| Procedencia (VM) [OBSOLETO] | 05 |
| Condición del los carretes individuales (VM) [OBSOLETO] | 20180322 |
| -- | UCH01 |
| -- | 0851 |
| 650 14 - PUNTO DE ACCESO ADICIONAL DE MATERIA--TÉRMINO DE MATERIA | |
| Término de materia o nombre geográfico como elemento de entrada | Empacadoras |
| Subdivisión general | Aspectos socioeconómicos. |
| 9 (RLIN) | 130092 |
| 650 14 - PUNTO DE ACCESO ADICIONAL DE MATERIA--TÉRMINO DE MATERIA | |
| Término de materia o nombre geográfico como elemento de entrada | Empacadoras |
| Subdivisión general | Evaluación. |
| 9 (RLIN) | 127888 |
| 650 14 - PUNTO DE ACCESO ADICIONAL DE MATERIA--TÉRMINO DE MATERIA | |
| Término de materia o nombre geográfico como elemento de entrada | Tuna |
| Subdivisión general | Empaque. |
| 9 (RLIN) | 115550 |
| 650 14 - PUNTO DE ACCESO ADICIONAL DE MATERIA--TÉRMINO DE MATERIA | |
| Término de materia o nombre geográfico como elemento de entrada | Tuna |
| Subdivisión general | Mercadeo. |
| 9 (RLIN) | 115559 |
| 700 1# - PUNTO DE ACCESO ADICIONAL--NOMBRE DE PERSONA | |
| Nombre de persona | Rodríguez Ramírez, Tania |
| 9 (RLIN) | 134958 |
| 856 ## - LOCALIZACIÓN Y ACCESO ELECTRÓNICOS | |
| Nombre del host | Finding aid |
| Identificador Uniforme del Recurso | <a href="http://10.13.5.2/tesis/sist114698.pdf">http://10.13.5.2/tesis/sist114698.pdf</a> |
| Nota pública | Teclea aquí |
| 901 ## - ELEMENTOS DE DATOS A LOCAL LDA (RLIN) | |
| a | BK |
| 942 ## - ELEMENTOS DE PUNTO DE ACCESO ADICIONAL (KOHA) | |
| Tipo de ítem Koha | Libro |
| 942 ## - ELEMENTOS DE PUNTO DE ACCESO ADICIONAL (KOHA) | |
| Suprimir en OPAC | 0 |
| Estado de retiro | Estado de pérdida | Fuente del sistema de clasificación o colocación | Estado dañado | Restricciones de uso | No para préstamo | Código de colección | Localización permanente | Ubicación/localización actual | Ubicación en estantería | Fecha de adquisición | Información codificada de la localización en otra ubicación | Total de préstamos | Signatura topográfica completa | Código de barras | Fecha visto por última vez | Precio válido a partir de | Tipo de ítem Koha | Número de copia |
|---|---|---|---|---|---|---|---|---|---|---|---|---|---|---|---|---|---|---|
| Clasificación Universidad Autónoma de Chapingo | Préstamo interno | Tesis | Biblioteca Central | Biblioteca Central | Planta alta - Área de Tesis - Tesis | 22/03/2018 | TESIS | Tesis | 114698-10 | 31/12/2019 | 31/12/2019 | Tesis | ||||||
| Clasificación Universidad Autónoma de Chapingo | Préstamo 3 días | Tesis | Biblioteca Central | Biblioteca Central | Planta alta - Área de Tesis - Tesis | 22/03/2018 | LIBRO | Tesis | 114698-20 | 31/12/2019 | 31/12/2019 | Tesis | c.2 |
